| 000 | 00351nam a22001457a 4500 | ||
|---|---|---|---|
| 020 | _qHB. | ||
| 040 | _cFIZZA ISHAQ | ||
| 082 |
_a006.3122 _bROB |
||
| 100 |
_aHASTIE,ROBERT. _991045 |
||
| 245 |
_aTHE ELEMENTS OF STATISTICAL LEARNING / _cROBERT HASTIE. |
||
| 250 | _a2nd ED. | ||
| 260 |
_aSPRINGER ; _c2017. |
||
| 300 | _a745 P. ; | ||
| 942 |
_2ddc _cBK |
||
| 999 |
_c589230 _d589230 |
||